Impact on tax collection business in Slovakia after 2008

Daňová politika na Slovensku. Vplyv zmien v spotrebnej dani a korporátnej dani z príjmu na podnikanie od roku 2008. Elimináca daňových únikov a čierneho trhu. Účinky zmien daní na zamestnanosť.

Salvato in:
Dettagli Bibliografici
Autore principale: Válek, Juraj, 1981-
Altri autori: Kušnírová, Jana, 1977-
Natura: Capitolo di libro
Lingua:inglese
Soggetti:
Tags: Aggiungi Tag
Nessun Tag, puoi essere il primo ad aggiungerne!!

MARC

LEADER 00000nla a2200000 4500
001 0194912
005 20240502073252.3
041 0 |a eng 
044 |a SK 
245 1 0 |a Impact on tax collection business in Slovakia after 2008  |c Juraj Válek, Jana Kušnírová 
520 |a Daňová politika na Slovensku. Vplyv zmien v spotrebnej dani a korporátnej dani z príjmu na podnikanie od roku 2008. Elimináca daňových únikov a čierneho trhu. Účinky zmien daní na zamestnanosť. 
610 2 0 |a dane spotrebné 
610 2 0 |a prostredie podnikateľské 
610 2 0 |a investori 
610 2 0 |a zisk 
610 2 0 |a strata 
610 2 0 |a dane korporatívne 
610 2 0 |a dane z príjmov 
610 2 0 |a priemysel pivovarnícky 
610 2 0 |a priemysel vinársky 
610 2 0 |a priemysel tabakový 
610 2 0 |a suroviny 
610 2 0 |a dodávatelia 
610 2 0 |a zamestnanosť 
100 1 |a Válek, Juraj, 1981- 
700 1 |a Kušnírová, Jana, 1977-